Pracovný čas a jeho perspektívy bakalárska práca

Gespeichert in:
Bibliographische Detailangaben
1. Verfasser: Janová, Martina
Körperschaft: Národohospodárska fakulta EU. Katedra sociálneho rozvoja a práce
Weitere Verfasser: Antalová, Mária, 1952-
Format: Buch
Sprache:Slowakisch
Veröffentlicht: Bratislava 2016
Tags: Tag hinzufügen
Keine Tags, Fügen Sie das erste Tag hinzu!

MARC

LEADER 00000nbm a2200000 4500
001 0219824
005 20161118111539.5
041 0 |a slo 
044 |a SK 
245 1 0 |a Pracovný čas a jeho perspektívy  |b bakalárska práca  |c Martina Janová ; školiteľ: Mária Antalová 
264 1 |a Bratislava  |c 2016 
300 |a 53 s. 
100 1 |a Janová, Martina 
700 1 |a Antalová, Mária, 1952- 
710 2 |a Národohospodárska fakulta EU. Katedra sociálneho rozvoja a práce